| 000 | 00788nam a2200229 i 4500 | ||
|---|---|---|---|
| 001 | 102531 | ||
| 003 | ES-MaACL | ||
| 005 | 20250827062616.0 | ||
| 007 | t| | ||
| 008 | 051117s1955 sp ||||1| spa d | ||
| 110 | 1 |
_aEspaña _93622 |
|
| 240 | 0 | 0 | _aLeyes, etc., de arrendamientos rústicos |
| 245 | 1 | 0 |
_aLeyes vigentes en materia de "Arrendamientos Rústicos" _b: incluyendo la de 15 de julio de 1954 / _canotada y puesta al día por Juan V. Fuentes Lojo. |
| 260 |
_aMadrid : _bJosé María Bosch, _c1955. |
||
| 300 |
_a186 p. ; _c18 cm. |
||
| 490 | 1 | _aCódigos Bosch | |
| 650 |
_aArrendamiento rústico- _zEspaña. _9168997 |
||
| 700 | 1 |
_aFuentes Lojo, Juan V. _952932 |
|
| 830 | 0 |
_aCódigos Bosch _9232524 |
|
| 852 |
_aES-MaACL _jC-9324 _bR.37178 |
||
| 999 |
_c102531 _d102531 |
||